000 00693nam a2200253Ia 4500
003 OSt
005 20220928130328.0
006 a|||||r|||| 00| 0
007 ta
008 220927b |||||||| |||| 00| 0 eng d
024 _a67264
037 _cTextual
040 _aSDCL
_cSDCL
_beng
041 _2eng
_aeng
082 _aD6,8(B289C++), N9
100 _aVenugopal K R
_9448462
245 0 _aMastering C++
260 _aNew Delhi
_bTata McGraw-Hill
_c1999
300 _axx,804p
_ccm.
650 _aC Plus Plus Programming
700 _a Buyya Rajkumar
_9473588
942 _hD6,8(B289C++), N9
_cTEXL
_2CC
999 _c786113
_d786113